00410nam a22001577a 450000500170000000800410001702000180005804100080007608200200008410000130010424500630011726000340018030000090021450000140022370000150023720260331100907.0260331b |||||||| |||| 00| 0 eng d a9789361311413 aeng a330bLES B22789 aLeslie B aWhat is the Economy?:b And Why it Matters to Youc1st Ed. aNew Delhib Bloomsbury c2024 a223p aEconomics aRichards J